Social dimensions of agricultural development (Record no. 353119)

000 -LEADER
fixed length control field 00383cam a22001337a 4500
008 - FIXED-LENGTH DATA ELEMENTS--GENERAL INFORMATION
fixed length control field 180718b1972 xxu||||| |||| 00| 0 eng d
082 ## - DEWEY DECIMAL CLASSIFICATION NUMBER
Classification number Z000x54 Sa14
100 ## - MAIN ENTRY--PERSONAL NAME
Personal name Sachchidanada
245 ## - TITLE STATEMENT
Title Social dimensions of agricultural development
Statement of responsibility, etc. by Sachchidananda
260 ## - PUBLICATION, DISTRIBUTION, ETC.
Place of publication, distribution, etc. Delhi
Name of publisher, distributor, etc. National
Date of publication, distribution, etc. 1972
300 ## - PHYSICAL DESCRIPTION
Extent 197p.
500 ## - GENERAL NOTE
General note Rs.30.00
650 ## - SUBJECT ADDED ENTRY--TOPICAL TERM
Topical term or geographic name entry element Agricultural Development - India
Holdings
Withdrawn status Lost status Damaged status Not for loan Permanent Location Current Location Date acquired Full call number Barcode Date last seen Price effective from Koha item type
        Indian Institute of Public Administration Indian Institute of Public Administration 1993-11-30 Z000x54 Sa14 47217 2018-07-21 2018-07-21 Book

Powered by Koha